Návrh výfukového systému pre zážihový motocyklový motor so zdvihovým objemom 0.6 l

Salvato in:
Dettagli Bibliografici
Autore principale: Dlugosz, Kamil (Autore)
Altri autori: Petrák, Peter (Relatore della tesi)
Natura: Manoscritto Libro
Lingua:slovacco
Pubblicazione: 2021
Soggetti:
Accesso online:http://is.stuba.sk/zp/portal_zp.pl?podrobnosti=165669
Tags: Aggiungi Tag
Nessun Tag, puoi essere il primo ad aggiungerne!!

MARC

LEADER 00000ntm a22000003a 4500
001 stuzp84952
003 SK-STU
005 20210717210433.5
007 ta
008 150427s2015----xo-----f-mn---000-0-slo-d
040 |a STU  |b slo 
041 0 |a slo 
100 1 |a Dlugosz, Kamil  |u 020030  |4 aut  |U SjF Strojnícka fakulta  |T SjF Ústav dopravnej techniky a konštruovania  |X 88437  |U J0030  |Y 806  |7 88437 
242 0 1 |a Design of exhaust system for petrol motorcycle engine with displacement 0.6 l  |y eng 
245 1 0 |a Návrh výfukového systému pre zážihový motocyklový motor so zdvihovým objemom 0.6 l 
260 |c 2021 
650 4 |a Hluk motocyklov  |2 slo 
650 4 |a Výfuková sústava  |2 slo 
650 4 |a Emisie  |2 slo 
650 4 |a Emissions  |2 eng 
650 4 |a Motorcycle noise  |2 eng 
650 4 |a Exhaust system  |2 eng 
700 1 |a Petrák, Peter  |u 020030  |k Z1  |4 ths  |U SjF Strojnícka fakulta  |T SjF Ústav dopravnej techniky a konštruovania  |X 2414  |U J0030  |Y 806  |7 A000002414 
856 4 |u http://is.stuba.sk/zp/portal_zp.pl?podrobnosti=165669